01594nam a2200409 i 450000100060000000300080000600500170001400600190003100700150005000800410006502000180010602000280012403500220015204000310017405000220020508000100022708200140023724501220025126400310037330000410040433600290044533700330047433800430050749000500055050400290060058800830062959001620071265000290087465000170090365500270092070000470094770000410099479700180103583000510105385600630110499900170116749495FINmELB20241216232032.0m o u cr cn|||||||||240922s2024 sp ob 000 0 spa d z9788483568248 a9788410703131q(e-book) a(OCoLC)1456878304 aFINmELBbspaerdacFINmELB14aLB1027bE822 2024 a37.0204a371.322300aEstrategias innovadoras y aprendizaje dinámico /cHégira Ramírez Padilla, Eloy López Meneses (coordinadores). 1aMadrid :bDykinson,c2024. a1 recurso en línea (119 páginas) atextobtxt2rdamedia/spa acomputadorabc2rdamedia/spa arecurso en líneabcr2rdacarrier/spa1 aColección Innovación en Ciencias Sociales aContiene bibliografía. aDescripción basada en metadatos suministrados por el editor y otras fuentes. aRecurso electrónico. Santa Fe, Arg.: elibro, 2024. Disponible vía World Wide Web. El acceso puede estar limitado para las bibliotecas afiliadas a elibro. 4aInnovaciones educativas. 4aAprendizaje. 4aLibros electrónicos.1 aRamírez Padilla, Hégira,ecoordinador.1 aLópez Meneses, Eloy,ecoordinador.2 aelibro, Corp. 0aColección Innovación en Ciencias Sociales.40uhttps://elibro.net/ereader/politecnicointernacional/271894 c49495d49495